[Event "SRB-chT Central"]
[Site "Kraljevo"]
[Date "2014.09.16"]
[Round "5.3"]
[White "Necevski, Alesandar"]
[Black "Djokic, Nenad"]
[Result "1/2-1/2"]
[WhiteElo "2270"]
[BlackElo "2329"]
[PlyCount "57"]
[EventDate "2014.09.13"]
[EventType "team-tourn"]
[EventRounds "11"]
[EventCountry "SRB"]
[SourceTitle "CBM 162 Extra"]
[Source "ChessBase"]
[SourceDate "2014.10.17"]
[SourceVersion "1"]
[SourceVersionDate "2014.10.17"]
[SourceQuality "1"]
[WhiteTeam "Nis"]
[BlackTeam "Kraljevo Sloga"]
[WhiteTeamCountry "SRB"]
[BlackTeamCountry "SRB"]

1. d4 Nf6 2. Nf3 e6 3. e3 b6 4. b3 Bb7 5. Bd3 Be7 6. Bb2 0-0 7. Nbd2 c5 8. 0-0 cxd4 9. exd4 d6 10. c4 Nbd7 11. Qe2 Re8 12. Ng5 Nf8 13. f4 N6d7 14. Qg4 f5 15. Qh5 g6 16. Qh6 Bf6 17. g4 fxg4 18. Qh4 Bg7 19. Qxg4 Nf6 20. Qh3 Qd7 21. Rae1 Rad8 22. Re2 h6 23. Ngf3 Re7 24. Nh4 Qe8 25. Qg3 Nh5 26. Qg4 Nf6 27. Qg3 Nh5 28. Qg4 Nf6 29. Qg3 1/2-1/2

[Event "SRB-chT Central"]
[Site "Kraljevo"]
[Date "2014.09.15"]
[Round "4.4"]
[White "Dudukovic, Nikola"]
[Black "Necevski, Alesandar"]
[Result "1-0"]
[WhiteElo "2341"]
[BlackElo "2270"]
[PlyCount "107"]
[EventDate "2014.09.13"]
[EventType "team-tourn"]
[EventRounds "11"]
[EventCountry "SRB"]
[SourceTitle "CBM 162 Extra"]
[Source "ChessBase"]
[SourceDate "2014.10.17"]
[SourceVersion "1"]
[SourceVersionDate "2014.10.17"]
[SourceQuality "1"]
[WhiteTeam "Petrovac"]
[BlackTeam "Nis"]
[WhiteTeamCountry "SRB"]
[BlackTeamCountry "SRB"]

1. Nf3 c5 2. c4 Nc6 3. g3 e5 4. d3 g6 5. Bg2 Bg7 6. Nc3 Nge7 7. 0-0 0-0 8. a3 Rb8 9. Rb1 a5 10. Ne1 d6 11. Nc2 Bd7 12. b4 axb4 13. axb4 Nxb4 14. Nxb4 cxb4 15. Rxb4 Bc6 16. Bg5 h6 17. Bxc6 hxg5 18. Bg2 Nc6 19. Rb5 Nd4 20. Rd5 b5 21. Nxb5 Nxb5 22. Rxb5 Rxb5 23. cxb5 Qc7 24. Qb3 Rb8 25. Bd5 Bf6 26. Qc4 Qxc4 27. dxc4 Bd8 28. f4 Bb6+ 29. Kg2 gxf4 30. gxf4 exf4 31. Rxf4 Rf8 32. Rf6 Bc5 33. Rxg6+ Kh7 34. Rf6 Kg7 35. Rf4 f6 36. Rg4+ Kh7 37. e4 Re8 38. Kf3 Re5 39. Bf7 Rg5 40. Rxg5 fxg5 41. Kg4 Kg7 42. Kxg5 Kxf7 43. Kf5 Be3 44. e5 dxe5 45. Kxe5 Ke7 46. Kd5 Kd7 47. c5 Bf2 48. b6 Be3 49. h4 Bf2 50. h5 Be3 51. c6+ Kc8 52. b7+ Kc7 53. Ke6 Bf4 54. b8Q+ 1-0

[Event "SRB-chT"]
[Site "Kragujevac"]
[Date "2013.09.02"]
[Round "10.2"]
[White "Necevski, Alesandar"]
[Black "Kumic, Filip"]
[Result "1/2-1/2"]
[WhiteElo "2296"]
[BlackElo "2247"]
[PlyCount "104"]
[EventDate "2013.08.24"]
[EventType "team-tourn"]
[EventRounds "11"]
[EventCountry "SRB"]
[SourceTitle "CBM 156 Extra"]
[Source "ChessBase"]
[SourceDate "2013.10.22"]
[SourceVersion "1"]
[SourceVersionDate "2013.10.22"]
[SourceQuality "1"]
[WhiteTeam "Nis"]
[BlackTeam "Subotica Spartak"]
[WhiteTeamCountry "SRB"]
[BlackTeamCountry "SRB"]

1. d4 Nf6 2. c4 g6 3. Nc3 Bg7 4. e4 d6 5. f3 0-0 6. Bg5 Nbd7 7. Qd2 a6 8. Nge2 c5 9. d5 b5 10. Nc1 bxc4 11. Bxc4 Rb8 12. 0-0 Qa5 13. a3 Nb6 14. Be2 c4 15. N1a2 Re8 16. Be3 Nfd7 17. Nb4 Bb7 18. Qc2 Nc5 19. Rab1 Rec8 20. Rfd1 Nba4 21. Nca2 Nd3 22. Bxd3 cxd3 23. Qf2 Qb5 24. Nxd3 Qb3 25. Nab4 Nxb2 26. Rd2 a5 27. Bd4 Bxd4 28. Qxd4 axb4 29. Rdxb2 Qxa3 30. Nxb4 Ra8 31. Ra2 Rc1+ 32. Kf2 Qxa2+ 33. Nxa2 Rxb1 34. Nc3 Rb2+ 35. Kg3 h5 36. h4 f6 37. Nd1 Rb1 38. Ne3 Ra2 39. Qc3 Kf7 40. Kf4 Re2 41. g4 hxg4 42. Nxg4 Rh1 43. Qa5 Rc2 44. Qd8 g5+ 45. hxg5 fxg5+ 46. Kxg5 Rc8 47. Qb6 Rg8+ 48. Kf4 Bc8 49. Nf2 Rf1 50. Nd3 Rg4+ 51. Ke3 Rg3 52. Nf2 Rg2 1/2-1/2

[Event "SRB-chT"]
[Site "Kragujevac"]
[Date "2013.08.28"]
[Round "5.5"]
[White "Necevski, Alesandar"]
[Black "Arsovic, Zoran"]
[Result "0-1"]
[WhiteElo "2296"]
[BlackElo "2425"]
[PlyCount "64"]
[EventDate "2013.08.24"]
[EventType "team-tourn"]
[EventRounds "11"]
[EventCountry "SRB"]
[SourceTitle "CBM 156 Extra"]
[Source "ChessBase"]
[SourceDate "2013.10.22"]
[SourceVersion "1"]
[SourceVersionDate "2013.10.22"]
[SourceQuality "1"]
[WhiteTeam "Nis"]
[BlackTeam "Belgrade Lasta"]
[WhiteTeamCountry "SRB"]
[BlackTeamCountry "SRB"]

1. e4 c5 2. d4 cxd4 3. c3 dxc3 4. Nxc3 e6 5. Bc4 a6 6. Nf3 Nc6 7. Qe2 Nge7 8. 0-0 Ng6 9. Rd1 Be7 10. Be3 b5 11. Bb3 0-0 12. Nd4 Bb7 13. Nxc6 Bxc6 14. f3 Qb8 15. Qf2 Bd6 16. g3 f5 17. exf5 Rxf5 18. f4 Ne5 19. Rxd6 Qxd6 20. fxe5 Rxf2 21. exd6 Rg2+ 22. Kf1 Rf8+ 23. Ke1 b4 24. Ne2 Bb5 25. Bd1 Rxh2 26. Rc1 Rf3 27. Kd2 Rxg3 28. a4 bxa3 29. bxa3 Rgg2 30. Bf4 Rxe2+ 31. Bxe2 Rxe2+ 32. Kc3 Re4 0-1

[Event "Nis op"]
[Site "Nis"]
[Date "2012.03.13"]
[Round "3"]
[White "Zdravkovic, Dragan S"]
[Black "Necevski, Alesandar"]
[Result "0-1"]
[WhiteElo "1947"]
[BlackElo "2289"]
[PlyCount "102"]
[EventDate "2012.03.11"]
[EventType "swiss"]
[EventRounds "9"]
[EventCountry "SRB"]
[SourceTitle "CBM 147 Extra"]
[Source "ChessBase"]
[SourceDate "2012.04.24"]
[SourceVersion "1"]
[SourceVersionDate "2012.04.24"]
[SourceQuality "1"]

1. e4 c5 2. Nf3 e6 3. d4 cxd4 4. Nxd4 Nf6 5. Nc3 d6 6. Be2 a6 7. 0-0 Qc7 8. Be3 b5 9. a3 Bb7 10. Bf3 Be7 11. Re1 0-0 12. Qd2 Nbd7 13. Bf4 Ne5 14. Bxe5 dxe5 15. Nde2 Rad8 16. Qe3 Bc5 17. Qg5 h6 18. Qg3 Rd2 19. Rac1 Nh7 20. h4 f5 21. exf5 Bxf3 22. gxf3 exf5 23. Red1 Rfd8 24. Qg6 Qc8 25. Rxd2 Rxd2 26. Rd1 Nf8 27. Qg3 Rxd1+ 28. Nxd1 Qe6 29. Nec3 Ng6 30. Kf1 Qc4+ 31. Ke1 Nxh4 32. Ne3 Bxe3 33. fxe3 Kh7 34. f4 Ng6 35. fxe5 Qe6 36. Kf2 Nxe5 37. Qf4 Nc4 38. Nd1 g5 39. Qd4 Kg6 40. Ke2 h5 41. Nf2 h4 42. Nd3 f4 43. e4 Qg4+ 44. Ke1 Qg3+ 45. Nf2 Qe3+ 46. Qxe3 Nxe3 47. Kd2 g4 48. b3 Kg5 49. c3 g3 50. Nh3+ Kg4 51. Ng1 h3 0-1

[Event "Nis City-ch"]
[Site "Nis"]
[Date "2010.05.25"]
[Round "1"]
[White "Necevski, Alesandar"]
[Black "Zdravkovic, Dragan S"]
[Result "1-0"]
[WhiteElo "2311"]
[BlackElo "2029"]
[PlyCount "85"]
[EventDate "2010.05.25"]
[EventType "swiss"]
[EventRounds "9"]
[EventCountry "YUG"]
[SourceTitle "CBM 136 Extra"]
[Source "ChessBase"]
[SourceDate "2010.07.02"]
[SourceVersion "2"]
[SourceVersionDate "2010.07.15"]
[SourceQuality "1"]

1. d4 Nf6 2. c4 c5 3. d5 e6 4. Nc3 exd5 5. cxd5 d6 6. e4 a6 7. a4 g6 8. f3 Bg7 9. Bg5 0-0 10. Qd2 Nbd7 11. Nh3 Ne5 12. Nf2 Qc7 13. Be2 Re8 14. 0-0 Bd7 15. Bxf6 Bxf6 16. f4 c4 17. fxe5 Bxe5 18. Bg4 b5 19. Bxd7 Qxd7 20. axb5 axb5 21. Ne2 Ra7 22. Nd4 Rea8 23. Rxa7 Rxa7 24. Nc6 Ra4 25. Nxe5 dxe5 26. Qg5 Qd6 27. Ng4 f6 28. Nxf6+ Kh8 29. Qh6 Qb6+ 30. Kh1 Qxf6 31. Qc1 Qh4 32. Qe3 Kg7 33. Qc5 Ra8 34. Qc7+ Kh6 35. Qxe5 Qf2 36. Rg1 Ra2 37. d6 Rxb2 38. d7 Rd2 39. Qe7 Qd4 40. Qf8+ Kg5 41. h4+ Kg4 42. Qf3+ Kxh4 43. Qf4+ 1-0

[Event "SRB Central-ch"]
[Site "Vrnjacka Banja"]
[Date "2009.11.10"]
[Round "2"]
[White "Savic, Miodrag R"]
[Black "Necevski, Alesandar"]
[Result "1-0"]
[WhiteElo "2515"]
[BlackElo "2327"]
[PlyCount "131"]
[EventDate "2009.11.09"]
[EventType "swiss"]
[EventRounds "9"]
[EventCountry "YUG"]
[SourceTitle "EXT 2010"]
[Source "ChessBase"]
[SourceDate "2010.11.25"]
[SourceVersion "1"]
[SourceVersionDate "2010.11.25"]
[SourceQuality "1"]

1. e4 e6 2. d4 d5 3. e5 c5 4. c3 Nc6 5. Nf3 Qb6 6. a3 Bd7 7. b4 cxb4 8. cxb4 Rc8 9. Bb2 Nge7 10. Nc3 Na5 11. Na4 Qc6 12. Nc5 Nc4 13. Bc1 b6 14. Nxd7 Qxd7 15. Bd3 Ng6 16. h4 Be7 17. h5 Nf8 18. h6 g6 19. 0-0 Qd8 20. Qa4+ Nd7 21. Bxc4 Rxc4 22. Be3 Qb8 23. Nd2 Rc7 24. Rfc1 0-0 25. Rxc7 Qxc7 26. Nf3 Qb7 27. Rc1 b5 28. Qc2 Nb6 29. Qc7 Rb8 30. Rc6 Bd8 31. Qxb7 Rxb7 32. Bg5 Bc7 33. Nd2 Na8 34. Nb3 Rb6 35. Rc5 Kf8 36. Bf6 Rb8 37. Rc6 Ke8 38. Nd2 Kf8 39. Nf3 Bb6 40. Bg7+ Kg8 41. Nh2 Bd8 42. Ng4 Nb6 43. Bf6 Nd7 44. Bxd8 Rxd8 45. Rd6 Kf8 46. Nf6 Ke7 47. Nxh7 Rh8 48. Ng5 Rxh6 49. Nxf7 Rh4 50. Ng5 Rxd4 51. Rxe6+ Kf8 52. Nf3 Rd1+ 53. Kh2 Nb6 54. Rf6+ Ke7 55. Rxg6 d4 56. Rg7+ Ke6 57. Rxa7 Nc4 58. Ra6+ Ke7 59. a4 d3 60. axb5 d2 61. Nxd2 Rxd2 62. b6 Rb2 63. b7 Rxb4 64. Ra4 Rxb7 65. Rxc4 Ke6 66. Re4 1-0

[Event "Nis op"]
[Site "Nis"]
[Date "2009.03.30"]
[Round "6"]
[White "Necevski, Alesandar"]
[Black "Perunovic, Ljubivoje"]
[Result "1-0"]
[WhiteElo "2289"]
[BlackElo "2057"]
[PlyCount "57"]
[EventDate "2009.03.25"]
[EventType "swiss"]
[EventRounds "9"]
[EventCountry "YUG"]
[SourceTitle "CBM 129 Extra"]
[Source "ChessBase"]
[SourceDate "2009.05.05"]
[SourceVersion "2"]
[SourceVersionDate "2009.05.20"]
[SourceQuality "1"]

1. d4 d5 2. c4 e6 3. Nc3 c6 4. e3 f5 5. Nh3 Bd6 6. cxd5 exd5 7. g3 Nf6 8. Bg2 0-0 9. 0-0 a5 10. Bd2 Ne4 11. f3 Nxc3 12. bxc3 Nd7 13. e4 fxe4 14. fxe4 dxe4 15. Ng5 Nf6 16. Qb3+ Kh8 17. Nf7+ Rxf7 18. Qxf7 Qd7 19. Rxf6 gxf6 20. Qxf6+ Kg8 21. Bxe4 Qe7 22. Qf3 Be6 23. Bh6 Qf7 24. Qd3 Re8 25. Rf1 Qd7 26. Bg6 hxg6 27. Qxg6+ Kh8 28. Bg7+ Kg8 29. Be5+ 1-0

[Event "Nis op"]
[Site "Nis"]
[Date "2009.03.27"]
[Round "3"]
[White "Milovanovic, Srboljub"]
[Black "Necevski, Alesandar"]
[Result "0-1"]
[WhiteElo "2226"]
[BlackElo "2289"]
[PlyCount "72"]
[EventDate "2009.03.25"]
[EventType "swiss"]
[EventRounds "9"]
[EventCountry "YUG"]
[SourceTitle "CBM 129 Extra"]
[Source "ChessBase"]
[SourceDate "2009.05.05"]
[SourceVersion "2"]
[SourceVersionDate "2009.05.20"]
[SourceQuality "1"]

1. d4 d5 2. c4 c6 3. Nc3 Nf6 4. e3 e6 5. Nf3 Nbd7 6. b3 Bd6 7. Bb2 Qe7 8. Be2 0-0 9. 0-0 dxc4 10. Bxc4 e5 11. dxe5 Nxe5 12. Be2 Bg4 13. Nxe5 Qxe5 14. g3 Bh3 15. Re1 Rad8 16. Qc2 Qe7 17. Rad1 Ba3 18. Ba1 Rxd1 19. Rxd1 Rd8 20. Rxd8+ Qxd8 21. Bd3 h6 22. Bf1 Qd7 23. Bg2 Bxg2 24. Kxg2 Bb4 25. Bb2 Bxc3 26. Qxc3 Qd5+ 27. f3 Qd1 28. g4 Qe2+ 29. Kg3 h5 30. Qd4 h4+ 31. Kxh4 Qxh2+ 32. Kg5 Qh6+ 33. Kf5 Nd5 34. Qd2 Qe6+ 35. Kg5 Qe7+ 36. Kh5 g6+ 0-1

[Event "Nis op"]
[Site "Nis"]
[Date "2009.03.25"]
[Round "1"]
[White "Stankovic, Darko"]
[Black "Necevski, Alesandar"]
[Result "0-1"]
[WhiteElo "1967"]
[BlackElo "2289"]
[PlyCount "56"]
[EventDate "2009.03.25"]
[EventType "swiss"]
[EventRounds "9"]
[EventCountry "YUG"]
[SourceTitle "CBM 129 Extra"]
[Source "ChessBase"]
[SourceDate "2009.05.05"]
[SourceVersion "2"]
[SourceVersionDate "2009.05.20"]
[SourceQuality "1"]

1. c4 c5 2. Nc3 Nc6 3. g3 d6 4. Bg2 e5 5. d3 f5 6. e4 Nf6 7. Nge2 Be7 8. 0-0 0-0 9. f4 fxe4 10. Nxe4 Nd4 11. Nxd4 exd4 12. Re1 Nxe4 13. Bxe4 Bf6 14. Bd2 Rb8 15. b4 b5 16. cxb5 d5 17. Bf3 c4 18. a4 Bf5 19. dxc4 dxc4 20. Be4 Bxe4 21. Rxe4 Qd5 22. Qf3 c3 23. Be1 d3 24. Re3 Qxf3 25. Rxf3 Rfd8 26. Rc1 d2 27. Bxd2 cxd2 28. Rd1 Rbc8 0-1